000 00570nam a2200217Ia 4500
003 OSt
005 20220928150130.0
006 a|||||r|||| 00| 0
007 ta
008 220927b |||||||| |||| 00| 0 eng d
024 _a88294
037 _cTextual
040 _aSDCL
_cSDCL
_beng
041 _2eng
_aeng
082 _aO15:gxK75,1, 152K2
100 _aGupta Premswaroop
_9515446
245 0 _aRasgangadhar ka shastriye adhyayan.
260 _c1962
942 _hO15:gxK75,1, 152K2
_cTEXL
_2CC
999 _c840200
_d840200